000 00347 a2200145 4500
999 _c324935
_d324935
001 89862
003 NUST
082 _a615.321 KHA
100 _aKhalid Ghaznavi
_99278
245 _aTibb-e-Nabwi aur Jadid Science (V-II)
250 _aVol- II
260 _aLahore
_bAl Faisal
_c2012
300 _a475p.
500 _aGeneral Books
942 _aCAE NUST
_cBK
_k615.321 KHA
_2ddc